Notes on some fungi from South India-1 (Record no. 45997)
[ view plain ]
| 000 -LEADER | |
|---|---|
| fixed length control field | 00311nam a2200121Ia 4500 |
| 100 ## - MAIN ENTRY--AUTHOR NAME | |
| Personal name | Ramakrishanan TS |
| 245 #0 - TITLE STATEMENT | |
| Title | Notes on some fungi from South India-1 |
| 260 ## - PUBLICATION, DISTRIBUTION, ETC. (IMPRINT) | |
| Name of publisher | Indian Phytopathology |
| Year of publication | 1952 |
| 300 ## - PHYSICAL DESCRIPTION | |
| Number of Pages | 110-115 |
| 700 ## - ADDED ENTRY--PERSONAL NAME | |
| Personal name | Sundaram NV |
| 942 ## - ADDED ENTRY ELEMENTS (KOHA) | |
| Koha item type | Reprints |
| Withdrawn status | Lost status | Damaged status | Not for loan | Home library | Current library | Date acquired | Serial Enumeration / chronology | Koha item type |
|---|---|---|---|---|---|---|---|---|
| Reprints | RRII Library | RRII Library | 22/12/2021 | Volume 5, Issue 2 | Reprints |